• 首页
  • 本馆介绍
  • 公告通知
  • 最新文献
  • 馆藏检索
  • 电子资源
  • 读者导购
  • 参考咨询
  • 我的图书馆
  • 登录
  • 详细信息显示
  • 放入我的书架
  • 预约/预借图书
  • 作者相关作品
  • 分类相关作品
  • 丛书相关作品
  • 出版社相关作品

书目信息

  • 表格格式
  • 工作单格式
  • 卡片格式
题名:
生产物流系统建模与仿真
    
 
作者: 王亚超 , 马汉武 主编
分册:  
出版信息: 北京   科学出版社  2013.7
页数: 278页
开本: 24cm
丛书名:
单 册:
中图分类: F273.4
科图分类:
主题词: 企业管理--物流--管理信息系统--高等学校--教材 , 企业管理 , 物流 , 管理信息系统
电子资源:
ISBN: 978-7-03-017426-0
000 01133nam0 2200301 45
001 523
005 20140909092052.54
010    @a978-7-03-017426-0@dCNY32.00
100    @a20060618d2013 em y0chiy0110 ea
101 0  @achi
102    @aCN@b110000
105    @ay z 000yy
106    @ar
200 1  @a生产物流系统建模与仿真@ASheng Chan Wu Liu Xi Tong Jian Mo Yu Fang Zhen@eWitness系统及应用@EWitness Xi Tong Ji Ying Yong@f王亚超,马汉武主编@FWang Ya Chao, Ma Han Wu Zhu Bian
210    @a北京@c科学出版社@d2013.7
215    @a278页@d24cm
300    @a21世纪高等院校教材·工业工程系列
330    @a本书结合生产物流系统中的主要环节,讲解了与生产物流系统相关的系统建模的知识,并介绍了生产物流系统中典型事件的计算机仿真模型建模方法。
517 1  @aWitness系统及应用@AWitness Xi Tong Ji Ying Yong
606 0  @a企业管理@x物流@x管理信息系统@x高等学校@j教材
606 0  @a企业管理
606 0  @a物流
606 0  @a管理信息系统
690    @aF273.4@v4
701  0 @a王亚超@AWang Ya Chao@c(物流)@4主编
701  0 @a马汉武@AMa Han Wu@c(工业工程)@4主编
801  0 @aCN@bTANGWEI@c20140603
905    @b0839464-66@dF273.4@e1060@f3
    
    生产物流系统建模与仿真:Witness系统及应用/王亚超,马汉武主编.-北京:科学出版社,2013.7
    278页;24cm
    21世纪高等院校教材·工业工程系列
    
    ISBN 978-7-03-017426-0:CNY32.00
    本书结合生产物流系统中的主要环节,讲解了与生产物流系统相关的系统建模的知识,并介绍了生产物流系统中典型事件的计算机仿真模型建模方法。
●
相关链接 在E读中查询图书 在五车中查询图书 在当当中查询图书 在豆瓣中查询图书


正题名:生产物流系统建模与仿真     索取号:F273.4/1060         预约/预借

序号 登录号 条形码 馆藏地/架位号 状态 备注
1 0839464   208394646   第一样本阅览室/ [索取号:F273.4/1060] 在馆    
2 0839465   208394655   第一借阅区/ [索取号:F273.4/1060] 在馆    
3 0839466   208394664   密集书库-海洋学院/ [索取号:F273.4/1060] 在馆    
唐山师范学院图书馆 欢迎您!
大连网信软件有限公司© 版权所有